00414nam a2200181Ia 4500008004100000020001800041050001600059100001800075245001500093245001300108245002100121260001500142260002100157260000900178300001500187300002000202300001000222170918s9999 xx 000 0 und d a9780571198573 bS883ha 2008 aStoppard, Tom aHapgood :  ba play / cby Tom Stoppard. aNew York : bFaber and Faber, c2008 a77 pages : billustrations ; c21cm.